• 首页
  • 本馆介绍
  • 公告通知
  • 最新文献
  • 馆藏检索
  • 电子资源
  • 读者导购
  • 参考咨询
  • 我的图书馆
  • 登录
  • 详细信息显示
  • 放入我的书架
  • 预约/预借图书
  • 作者相关作品
  • 分类相关作品
  • 丛书相关作品
  • 出版社相关作品

书目信息

  • 表格格式
  • 工作单格式
  • 卡片格式
题名:
现代性社会理论绪论
    
 
作者: 刘小枫
分册:  
出版信息: 上海   三联书店  1998
页数: 530
开本: 20cm
丛书名:
单 册:
中图分类: G0
科图分类:
主题词: 文化理论
电子资源:
ISBN: 7-5426-1030-9
000 00500nam0 2200181 450
001 0735257515
005 20070904094737.51
010    @a7-5426-1030-9@d27.20
100    @a20070904d km y0chiy0120 ea
101 0  @achi
200 1  @a现代性社会理论绪论@Axian dai xing she hui li lun xu lun@f刘小枫@Fliu xiao feng
210    @a上海@c三联书店@d1998
215    @a530@d20cm
606 0  @a文化理论
690    @aG0@v3
701  0 @a刘小枫@Aliu xiao feng
801  0 @aCN@bPFT@c20070904
905    @a213230@dG0@ea6@f1
    
    现代性社会理论绪论/刘小枫.-上海:三联书店,1998
    530;20cm
    
    
    ISBN 7-5426-1030-9:27.20
    
●
相关链接 在E读中查询图书 在五车中查询图书 在当当中查询图书 在豆瓣中查询图书


正题名:现代性社会理论绪论     索取号:G0/a6         预约/预借

序号 登录号 条形码 馆藏地/架位号 状态 备注
1 7503289   275032894   密集书库-史法系/ [索取号:G0/a6] 在馆    
唐山师范学院图书馆 欢迎您!
大连网信软件有限公司© 版权所有